000 00311nam a2200145Ia 4500
100 _aSHARMA/VIKRAM
650 _aPRODUCTION
942 _cBK
366 _f20
245 _aFUND.OF CAD/CAM
260 _bInternational Book House
_aAhmedabad
_c2013
082 _a670.2/SHA
300 _a641
546 _aENGLISH
999 _c26842
_d26842